Statistics for Every NCAA Division I School in Arkansas

Click here to take the quiz!

General Stats

  • This quiz has been taken 23 times
  • The average score is 4 of 5

Answer Stats

AnswerConference% Correct
ArkansasSEC
100%
Arkansas St.Sun Belt
100%
Little RockOhio Valley
86%
Arkansas-Pine BluffSWAC
73%
Central ArkansasASUN
68%

Score Distribution

Percentile by Number Answered

Percent of People with Each Score

Your Score History

You have not taken this quiz